Statistics for Top 20 U.S. Cities for Night Life

Click here to take the quiz!

General Stats

  • This quiz has been taken 2,678 times
  • The average score is 15 of 20

Answer Stats

RankCity% Correct
3New York, NY
99%
10Los Angeles, CA
96%
6Miami, FL
96%
4Chicago, IL
92%
11San Francisco, CA
92%
14Boston, MA
90%
2Las Vegas, NV
90%
20Seattle, WA
87%
17Houston, TX
86%
19San Diego, CA
83%
1New Orleans, LA
82%
18Washington, DC
72%
12Denver, CO
70%
13Portland, OR
69%
5Austin, TX
67%
8Nashville, TN
62%
15Memphis, TN
58%
7San Juan, Puerto Rico
34%
9Providence, RI
19%
16Savannah, GA
14%

Score Distribution

Percentile by Number Answered

Percent of People with Each Score

Your Score History

You have not taken this quiz